El rosario : meditaciones para los 31 días del mes de octubre o el mes de María /
I tiakina i:
| Kaituhi matua: | |
|---|---|
| Hōputu: | Pukapuka |
| Reo: | Pāniora |
| Ngā marau: | |
| Ngā Tūtohu: |
Kāore He Tūtohu, Me noho koe te mea tuatahi ki te tūtohu i tēnei pūkete!
|
MARC
| LEADER | 00000nam^a2200000^a^4500 | ||
|---|---|---|---|
| 001 | 000373050 | ||
| 005 | 20250526000000.0 | ||
| 009 | 20260310120028.532 | ||
| 037 | |a Acervo Xavier Clavigero | ||
| 041 | |a ESP | ||
| 082 | |a 242. 74 |b TER | ||
| 100 | |a Tercero, Juan Luis |e (autor) | ||
| 245 | 1 | 3 | |a El rosario : |b meditaciones para los 31 días del mes de octubre o el mes de María / |c J.L. Tercero. |
| 264 | |a Ciudad Victoria, México : |b Imprenta Dirigida por Víctor Pérez Ortiz, |c 1894, c1894 | ||
| 300 | |a 319 p. ; |c 22.5 cm. | ||
| 336 | |a texto |b txt |2 rdacontenido | ||
| 337 | |a sin mediación |b n |2 rdamedio | ||
| 338 | |a volumen |b nc |2 rdasoporte | ||
| 501 | |a Encuadernación particular | ||
| 561 | |a Ex libris de Encuadernación de Norberto Esparza | ||
| 561 | |a Ex libris de Instituto de Literatura Puente Grande, Jal. | ||
| 561 | |a Ex libris de Bibl. Iunioratus Dom. Prob. S. Ioseph | ||
| 562 | |a Falta cubierta | ||
| 649 | |a XX | ||
| 650 | |a Jesucristo - |x Resurrección | ||
| 650 | |a Jesucristo - |x Crucifixión | ||
| 650 | |a Jesucristo - |x Natividad | ||
| 650 | |a Virgen María - |x Asunción | ||
| 650 | |a Virgen María - |x Anunciación | ||
| 650 | |a Virgen María - |x Culto | ||
| 650 | |a Virgen María - |x Tema Principal | ||
| 650 | |a Rosario | ||
| 650 | |a Oración (Religión) | ||
| 650 | |a Plegarias | ||
| 650 | |a Vida Cristiana | ||
| 650 | |a Vida Espiritual | ||
| 650 | |a Iglesia Católica - |x Documentos Doctrinales | ||
| 650 | |a Catolicismo | ||
| 650 | |a Cristianismo | ||
| 650 | |a Religión | ||
| 910 | |a Fondo General | ||
| 920 | |a Impresos - Libros | ||
| 930 | |a Libros Antiguos y Raros | ||
| 905 | |a 108 | ||
| 901 | |a 0500267481 |b IT2 |c LRA |u 20250526 | ||
| 902 | |a https://opac.biblio.iteso.mx/vufind/Record/000373050 | ||